01345nam a22004097a 4500001001300000003000900013005001700022007000300039008003400042040005400076041001000130072000800140090002100148100002500169100002600194100002300220100002200243100002900265110006600294245006600360260003800426300001100464500005900475650001800534650002300552650002100575650001700596650001000613650001600623650002100639650003300660650002600693909003600719942000700755999001700762952015600779BR2011008365BR-BrBNA20230928103828.0ta230509b bl.||||| |||| 00| 0 por d aBR-BrBNAbporcBiblioteca Nacional de Agricultura a(Por) aF06  F06 BR20110083651 aSousa, V.F. de (ed.)1 aMarouelli, W.A. (ed.)1 aCoelho, E.F. (ed.)1 aPinto, J.M. (ed.)1 aCoelho Filho, M.A. (ed.)1 aEMBRAPA Informação Tecnológica, Brasília, DF (Brasil)1 aIrrigação e fertirrigação em fruteiras e hortaliças3 aBrasília, DF (Brasil): c2011.  a769 p. aIncludes several bibliographies; 164 illus; 160 tables aIRRIGAÇÃO aSISTEMA DE CULTIVO aCULTURA IRRIGADA aFERTILIZANTE aFRUTA aHORTALIÇA aMANEJO DE ÁGUA aEQUIPAMENTO DE IRRIGAÇÃO aEVAPOTRANSPIRAÇÃO a202309bLuciac55dLucia Elande cBK c76815d76815 002AGRIS40708AGROBASEa41918b41918l0o F06 BR2011008365pF06 BR2011008365r2023-09-25t01yBK10d2023-09-25ePortaria Interministerial nº 164/94